Multikriteriálne hodnotenie konkurencieschopnosti regiónov v Slovenskej republike

Regionálna konkurencieschopnosť. Časová a priestorová komparácia konkurencieschopnosti regiónov na základe analýzy vybraných indikátorov konkurencieschopnosti regiónov prostredníctvom upravenej metódy makroekonomických n-uholníkov. Ukazovatele kvantifikácie konkurencieschopnosti samosprávnych krajo...

Full description

Saved in:
Bibliographic Details
Main Author: Hrabovská, Zuzana
Format: Book Chapter
Language:Slovak
Subjects:
Tags: Add Tag
No Tags, Be the first to tag this record!

MARC

LEADER 00000naa a2200000 4500
001 0249817
005 20190109100654.2
041 0 |a slo 
044 |a CZ 
245 1 0 |a Multikriteriálne hodnotenie konkurencieschopnosti regiónov v Slovenskej republike  |c Zuzana Hrabovská 
520 |a Regionálna konkurencieschopnosť. Časová a priestorová komparácia konkurencieschopnosti regiónov na základe analýzy vybraných indikátorov konkurencieschopnosti regiónov prostredníctvom upravenej metódy makroekonomických n-uholníkov. Ukazovatele kvantifikácie konkurencieschopnosti samosprávnych krajov SR. Celkový index úrovne konkurencieschopnosti samosprávnych krajov SR (2005-2015). Úroveň makroekonomickej výkonnosti samosprávnych krajov SR. 
610 2 0 |a konkurencieschopnosť 
610 2 0 |a konkurencia 
610 2 0 |a regióny 
610 2 0 |a kraje 
610 2 0 |a samospráva 
610 2 0 |a indexy 
610 2 0 |a kvalita života 
610 2 0 |a Slovensko 
100 1 |a Hrabovská, Zuzana